Wypisz pokemony z danej genracji: Unova (generacja 5) - Statystyki

Ogólne statystyki
  • Ten quiz został rozwiązany 30 razy
  • Średni wynik to 50 z 156
Statystyki odpowiedzi
Nr. Nr. w pokedex Pokémon % Poprawnych
#002 #495 Snivy
92%
#005 #498 Tepig
92%
#004 #497 Serperior
88%
#006 #499 Pignite
83%
#003 #496 Servine
79%
#001 #494 Victini
79%
#030 #523 Zebstrika
63%
#029 #522 Blitzle
58%
#008 #501 Oshawott
58%
#150 #643 Reshiram
58%
#010 #503 Samurott
58%
#069 #562 Yamask
58%
#117 #610 Axew
54%
#009 #502 Dewott
54%
#019 #512 Simisage
54%
#028 #521 Unfezant
54%
#151 #644 Zekrom
54%
#094 #587 Emolga
50%
#119 #612 Haxorus
50%
#014 #507 Herdier
50%
#013 #506 Lillipup
50%
#022 #515 Panpour
50%
#018 #511 Pansage
50%
#011 #504 Patrat
50%
#026 #519 Pidove
50%
#023 #516 Simipour
50%
#156 #649 Genesect
46%
#153 #646 Kyurem
46%
#049 #542 Leavanny
46%
#024 #517 Munna
46%
#046 #539 Sawk
46%
#012 #505 Watchog
46%
#141 #634 Zweilous
46%
#140 #633 Deino
42%
#037 #530 Excadrill
42%
#081 #574 Gothita
42%
#083 #576 Gothitelle
42%
#082 #575 Gothorita
42%
#059 #552 Krokorok
42%
#152 #645 Landorus
42%
#020 #513 Pansear
42%
#058 #551 Sandile
42%
#021 #514 Simisear
42%
#078 #571 Zoroark
42%
#077 #570 Zorua
42%
#145 #638 Cobalion
38%
#061 #554 Darumaka
38%
#036 #529 Drilbur
38%
#128 #621 Druddigon
38%
#142 #635 Hydreigon
38%
#114 #607 Litwick
38%
#025 #518 Musharna
38%
#015 #508 Stoutland
38%
#027 #520 Tranquill
38%
#089 #582 Vanillite
38%
#073 #566 Archen
33%
#074 #567 Archeops
33%
#072 #565 Carracosta
33%
#116 #609 Chandelure
33%
#041 #534 Conkeldurr
33%
#062 #555 Darmanitan
33%
#064 #557 Dwebble
33%
#076 #569 Garbodor
33%
#033 #526 Gigalith
33%
#130 #623 Golurk
33%
#154 #647 Keldeo
33%
#107 #600 Klang
33%
#017 #510 Liepard
33%
#155 #648 Meloetta
33%
#016 #509 Purrloin
33%
#146 #639 Terrakion
33%
#049 #532 Timburr
33%
#090 #583 Vanillish
33%
#147 #640 Virizion
33%
#121 #614 Beartic
29%
#065 #558 Crustle
29%
#087 #580 Ducklett
29%
#129 #622 Golett
29%
#106 #599 Klink
29%
#060 #553 Krookodile
29%
#115 #608 Lampent
29%
#056 #549 Lilligant
29%
#043 #536 Palpitoad
29%
#031 #524 Roggenrola
29%
#066 #559 Scraggy
29%
#047 #540 Sewaddle
29%
#048 #541 Swadloon
29%
#088 #581 Swanna
29%
#035 #528 Swoobat
29%
#149 #642 Thundurus
29%
#109 #602 Tynamo
29%
#144 #637 Volcarona
29%
#051 #544 Whirlipede
29%
#034 #257 Woobat
29%
#057 #550 Basculin
25%
#080 #573 Cinccino
25%
#092 #585 Deerling
25%
#118 #611 Fraxure
25%
#103 #596 Galvantula
25%
#100 #593 Jellicent
25%
#102 #595 Joltik
25%
#143 #636 Larvesta
25%
#079 #572 Minccino
25%
#134 #627 Rufflet
25%
#044 #537 Seismitoad
25%
#071 #564 Tirtouga
25%
#148 #641 Tornadus
25%
#075 #568 Trubbish
25%
#042 #535 Tympole
25%
#091 #584 Vaniluxe
25%
#050 #543 Venipede
25%
#101 #594 Alomomola
21%
#038 #531 Audino
21%
#133 #626 Bouffalant
21%
#135 #628 Braviary
21%
#139 #632 Durant
21%
#040 #533 Gurdurr
21%
#137 #630 Mandibuzz
21%
#063 #556 Maractus
21%
#131 #624 Pawniard
21%
#055 #548 Petilil
21%
#084 #577 Solosis
21%
#125 #618 Stunfisk
21%
#136 #629 Vullaby
21%
#124 #617 Accelgor
17%
#132 #625 Bisharp
17%
#053 #546 Cottonee
17%
#111 #604 Eelektross
17%
#112 #605 Elgyem
17%
#099 #592 Frilish
17%
#138 #631 Heatmor
17%
#086 #579 Reuniclus
17%
#093 #586 Sawsbuck
17%
#054 #547 Whimsicott
17%
#113 #606 Beheeyem
13%
#085 #578 Duosion
13%
#110 #603 Eelektrik
13%
#123 #616 Shelmet
13%
#095 #588 Carrablast
8%
#007 #500 Emoboar
8%
#104 #597 Ferroseed
8%
#105 #598 Ferrothorn
8%
#097 #590 Foongus
8%
#126 #619 Mienfoo
8%
#127 #620 Mienshao
8%
#045 #538 Thror
8%
#098 #591 Amogoonguss
4%
#070 #563 Cofagitus
4%
#122 #615 Cryogonat
4%
#120 #613 Cubuchoo
4%
#096 #589 Excavailer
4%
#108 #601 Klingklank
4%
#032 #525 Roldore
4%
#067 #560 Scratty
4%
#052 #545 Scrolipede
4%
#068 #561 Siglyph
4%
Nie znaleziono quizów pasujących do podanych kryteriów
Rozkład punktacji
Procent ludzi z każdym wynikiem
Percentyl według liczby udzielonych odpowiedzi
Twoja historia wyników
Nie rozwiązałeś tego quizu